Nicolino /

שמור ב:
מידע ביבליוגרפי
מחבר ראשי: Marcone, María (autor)
מחברים אחרים: Jullian, Andrés (ilustración) (ilustración)
פורמט: ספר
שפה:ספרדית
יצא לאור: Santiago, Chile : Zig-Zag, 2005, c1985
מהדורה:3a edición
סדרה:(Viento Joven)
נושאים:
תגים: הוספת תג
אין תגיות, היה/י הראשונ/ה לתייג את הרשומה!

MARC

LEADER 00000nam^a2200000^a^4500
001 000185320
005 20250521000000.0
009 20260310102147.936
020 |a 956-12-1447-4 
037 |a Acervo ITESO - Biblioteca 
041 |a ESP 
082 |a 808. 899282  |b MAR 
100 |a Marcone, María  |e (autor) 
245 1 0 |a Nicolino /  |c M. Marcone ; il. de A. Jullian ; tr. por Karin Goldman. 
250 |a 3a edición 
264 4 |a Santiago, Chile :  |b Zig-Zag,  |c 2005, c1985 
300 |a 262 p. 
336 |a texto  |b txt  |2 rdacontenido 
337 |a sin mediación  |b n  |2 rdamedio 
338 |a volumen  |b nc  |2 rdasoporte 
440 1 |a (Viento Joven) 
649 |a XX 
650 |a Novela Italiana 
650 |a Literatura Italiana -  |y Siglo XX 
650 |a Literatura Juvenil -  |z Italia 
700 |a Jullian, Andrés  |e (ilustración) 
910 |a Fondo General 
920 |a Impresos - Libros 
930 |a Colección General 
940 |a Literatura 
905 |a 101 
901 |a 0500126756  |b IT1  |c LIT  |u 20250521 
902 |a https://opac.biblio.iteso.mx/vufind/Record/000185320